| 000 | 00674nam a2200205Ia 4500 | ||
|---|---|---|---|
| 003 | GCL | ||
| 008 | 140319s9999 xx 000 0 ara d | ||
| 040 |
_aGCL / _cGCL |
||
| 082 | 0 | 4 |
_a621.56 _bص ت |
| 100 | 1 | _aصبرى بولس | |
| 245 | 1 | 0 |
_aتكييف الهواء المركزى واستخدام الطاقة الشمسية فى عمليات تكييف الهواء / _cصبرى بولس |
| 260 |
_a[S.N] : _bدار المعارف ، _c1989 |
||
| 300 | _a299 ص | ||
| 490 | _a | ||
| 650 | 0 | 4 | _aتكييف الهواء |
| 650 | 0 | 4 | _aالطاقة الشمسية |
| 650 | 0 | 4 | _aمكيفات الهواء |
| 650 | 0 | 4 | _aالهندسة الشمسية |
| 942 |
_2ddc _cBK |
||
| 999 |
_c55112 _d55112 |
||